[Event "Titled Tuesday intern op 11th Jul Late"]
[Site "Chess.com INT"]
[Date "2023.07.11"]
[Round "9"]
[White "Swayams, Mishra"]
[Black "Trifan, Andrei Ioan"]
[Result "1/2-1/2"]
[WhiteElo "2452"]
[BlackElo "2300"]
[PlyCount "65"]
[EventDate "2023.07.11"]
[EventType "swiss (blitz)"]
[EventRounds "11"]
[EventCountry "USA"]
[SourceTitle "EXT 2024"]
[Source "ChessBase"]
[SourceDate "2023.10.10"]
[SourceVersion "1"]
[SourceVersionDate "2023.10.10"]
[SourceQuality "1"]

1. d4 Nf6 2. c4 e6 3. Nc3 d5 4. Nf3 Be7 5. Bf4 0-0 6. e3 b6 7. cxd5 Nxd5 8. Nxd5 Qxd5 9. Bd3 Bb4+ 10. Ke2 Bd6 11. Qc2 Ba6 12. Bxd6 cxd6 13. Rhc1 e5 14. dxe5 dxe5 15. Bxa6 Nxa6 16. Qc4 Qa5 17. Kf1 h6 18. a3 Rac8 19. b4 Rxc4 20. bxa5 Rxc1+ 21. Rxc1 e4 22. Nd4 Nc5 23. axb6 axb6 24. Rb1 Ra8 25. Rxb6 Rxa3 26. g4 Nd3 27. Rb8+ Kh7 28. Re8 Ra2 29. Ne2 Ra1+ 30. Kg2 Ra2 31. Kf1 Ra1+ 32. Kg2 Ra2 33. Kf1 1/2-1/2

[Event "Hanoi GM-B"]
[Site "Hanoi"]
[Date "2023.05.30"]
[Round "1"]
[White "Setyaki, Azarya Jodi"]
[Black "Swayams, Mishra"]
[Result "1/2-1/2"]
[WhiteElo "2414"]
[BlackElo "2486"]
[PlyCount "40"]
[EventDate "2023.05.30"]
[EventType "schev"]
[EventRounds "9"]
[EventCountry "VIE"]
[EventCategory "6"]
[SourceTitle "EXT 2024"]
[Source "ChessBase"]
[SourceDate "2023.10.10"]
[SourceVersion "1"]
[SourceVersionDate "2023.10.10"]
[SourceQuality "1"]

1. e4 e5 2. Nf3 Nc6 3. Bb5 a6 4. Ba4 Nf6 5. 0-0 Be7 6. Re1 b5 7. Bb3 0-0 8. d4 Nxd4 9. Bxf7+ Rxf7 10. Nxe5 Rf8 11. Qxd4 c5 12. Qc3 Bb7 13. Qb3+ d5 14. exd5 Bxd5 15. c4 bxc4 16. Qh3 Bd6 17. Nc3 Re8 18. Bf4 Be6 19. Qf3 Qc7 20. Rad1 Rad8 1/2-1/2

[Event "San Sebastian op 43rd"]
[Site "San Sebastian"]
[Date "2023.04.06"]
[Round "7"]
[White "Swayams, Mishra"]
[Black "Pap, Misa"]
[Result "1/2-1/2"]
[WhiteElo "2480"]
[BlackElo "2405"]
[PlyCount "93"]
[EventDate "2023.04.01"]
[EventType "swiss"]
[EventRounds "9"]
[EventCountry "ESP"]
[SourceTitle "CBM 213 Extra"]
[Source "ChessBase"]
[SourceDate "2023.05.31"]
[SourceVersion "1"]
[SourceVersionDate "2023.05.31"]
[SourceQuality "1"]

1. d4 Nf6 2. c4 e6 3. Nf3 Bb4+ 4. Nbd2 b6 5. a3 Bxd2+ 6. Bxd2 Bb7 7. Bg5 h6 8. Bh4 d6 9. e3 g5 10. Bg3 Ne4 11. Nd2 Nxg3 12. hxg3 Nd7 13. Qc2 c5 14. Ne4 Qe7 15. dxc5 Nxc5 16. Nxc5 bxc5 17. Qa4+ Qd7 18. Qa5 Ke7 19. 0-0-0 Bc6 20. Rd2 Rab8 21. Qc3 Qb7 22. f3 Qb3 23. Qxb3 Rxb3 24. Rd3 Rb6 25. g4 d5 26. cxd5 exd5 27. Rc3 c4 28. e4 Rhb8 29. Rxh6 d4 30. Rxc4 Bb5 31. Rxb6 axb6 32. Kd2 Bxc4 33. Bxc4 Rh8 34. Kd3 Rh2 35. Kxd4 Rxg2 36. b3 Rf2 37. Ke3 Ra2 38. a4 f6 39. f4 Rg2 40. Kf3 Rg1 41. e5 gxf4 42. exf6+ Kxf6 43. Kxf4 Rg2 44. Kf3 Rg1 45. Kf4 Rg2 46. Kf3 Rg1 47. Kf4 1/2-1/2

[Event "San Sebastian op 43rd"]
[Site "San Sebastian"]
[Date "2023.04.03"]
[Round "4"]
[White "Swayams, Mishra"]
[Black "Bilych, Olexiy"]
[Result "1/2-1/2"]
[WhiteElo "2480"]
[BlackElo "2423"]
[PlyCount "44"]
[EventDate "2023.04.01"]
[EventType "swiss"]
[EventRounds "9"]
[EventCountry "ESP"]
[SourceTitle "CBM 213 Extra"]
[Source "ChessBase"]
[SourceDate "2023.05.31"]
[SourceVersion "1"]
[SourceVersionDate "2023.05.31"]
[SourceQuality "1"]

1. d4 Nf6 2. c4 e6 3. Nf3 d5 4. Nc3 Nbd7 5. Bg5 h6 6. Bh4 Be7 7. e3 0-0 8. Rc1 c6 9. Bd3 dxc4 10. Bxc4 b5 11. Bd3 Bb7 12. 0-0 Rc8 13. Qe2 b4 14. Ne4 Nxe4 15. Bxe7 Qxe7 16. Bxe4 Nf6 17. Nd2 e5 18. Qf3 Rfe8 19. dxe5 Nxe4 20. Nxe4 c5 21. Qf4 Bxe4 22. Qxe4 Qd8 1/2-1/2

[Event "San Sebastian op 43rd"]
[Site "San Sebastian"]
[Date "2023.04.02"]
[Round "3"]
[White "Vesga Izeta, Markel"]
[Black "Swayams, Mishra"]
[Result "0-1"]
[WhiteElo "2185"]
[BlackElo "2480"]
[PlyCount "122"]
[EventDate "2023.04.01"]
[EventType "swiss"]
[EventRounds "9"]
[EventCountry "ESP"]
[SourceTitle "CBM 213 Extra"]
[Source "ChessBase"]
[SourceDate "2023.05.31"]
[SourceVersion "1"]
[SourceVersionDate "2023.05.31"]
[SourceQuality "1"]

1. Nf3 Nf6 2. c4 b6 3. g3 Bb7 4. Bg2 c5 5. 0-0 g6 6. b3 Bg7 7. Bb2 0-0 8. Nc3 d6 9. e3 Ne4 10. Qc2 Nxc3 11. Bxc3 e5 12. d3 Qe7 13. a3 Nd7 14. b4 f5 15. Ne1 Bxg2 16. Nxg2 Rac8 17. f4 Rfe8 18. Rfd1 d5 19. b5 exf4 20. exf4 Bxc3 21. Qxc3 Qf6 22. Qxf6 Nxf6 23. Re1 Kf7 24. Nh4 dxc4 25. dxc4 Rxe1+ 26. Rxe1 Rd8 27. Nf3 Ne4 28. a4 a5 29. bxa6 Ra8 30. Rd1 Ke6 31. Ne5 Nf6 32. Re1 Ne4 33. Rd1 Nf6 34. Re1 Kd6 35. Nf7+ Kd7 36. Ng5 Rxa6 37. h4 Rxa4 38. Re6 Ne4 39. Rxb6 Nxg3 40. Nxh7 Ne2+ 41. Kf2 Nxf4 42. h5 gxh5 43. Rf6 Rxc4 44. Rxf5 Ke6 45. Rf8 Ke7 46. Rf5 Ke6 47. Rf8 Nd5 48. Ng5+ Ke7 49. Rf7+ Kd6 50. Rh7 Nf6 51. Rh6 Ke5 52. Rh8 Ne4+ 53. Nxe4 Rxe4 54. Rxh5+ Kd4 55. Rh8 c4 56. Rc8 Kd3 57. Kf3 Re7 58. Kf2 c3 59. Rc6 c2 60. Rc8 Re4 61. Kf3 Rc4 0-1

[Event "Budapest SixDays 03 GM-B"]
[Site "Budapest"]
[Date "2023.03.26"]
[Round "4"]
[White "Swayams, Mishra"]
[Black "Ilincic, Zlatko"]
[Result "1-0"]
[WhiteElo "2489"]
[BlackElo "2302"]
[PlyCount "133"]
[EventDate "2023.03.24"]
[EventType "tourn"]
[EventRounds "9"]
[EventCountry "HUN"]
[EventCategory "6"]
[SourceTitle "CBM 213 Extra"]
[Source "ChessBase"]
[SourceDate "2023.05.31"]
[SourceVersion "1"]
[SourceVersionDate "2023.05.31"]
[SourceQuality "1"]

1. e4 e5 2. Nf3 Nf6 3. Nxe5 d6 4. Nf3 Nxe4 5. d4 d5 6. Bd3 Nf6 7. 0-0 Be7 8. c4 0-0 9. Nc3 dxc4 10. Bxc4 Nbd7 11. Bb3 c6 12. Be3 Nb6 13. Ne5 Nfd5 14. Qf3 f6 15. Nd3 Be6 16. Nc5 Qc8 17. Qe4 Kf7 18. Nxe6 Qxe6 19. Qxh7 Rh8 20. Qe4 Bd6 21. h3 Rae8 22. Qxe6+ Rxe6 23. Rfe1 Rh4 24. Re2 Re7 25. f3 Bg3 26. Ne4 Rhxe4 27. fxe4 Rxe4 28. Kf1 Kf8 29. Bf2 Rf4 30. Rae1 Bxf2 31. Rxf2 Rxd4 32. Rfe2 Nc4 33. Bxc4 Rxc4 34. b3 Rb4 35. Re4 Rb5 36. Re8+ Kf7 37. Rd8 Nb6 38. Re4 a5 39. Kf2 f5 40. Rh4 Ke7 41. Rhh8 a4 42. Rde8+ Kd6 43. Rhg8 axb3 44. axb3 Rxb3 45. Rxg7 Nd5 46. h4 Nf4 47. g3 Nd3+ 48. Ke2 Ne5 49. h5 Ng4 50. Rf8 Ke6 51. Rg6+ Ke5 52. Re8+ Kd4 53. Rd8+ Ke5 54. h6 Nxh6 55. Rxh6 Rxg3 56. Rh7 Rb3 57. Re7+ Kf4 58. Rd4+ Kg5 59. Rc7 f4 60. Rf7 Rb2+ 61. Kd3 Rb3+ 62. Kc2 Rf3 63. Rxb7 Rf1 64. Rf7 Kg4 65. Kd2 Kg3 66. Rg7+ Kf3 67. Rxf4+ 1-0